[Event "Ch Sweden (team)"]
[Site "masterchessopen.com Sweden"]
[Round "0"]
[White "Becker Johnny (SWE)"]
[Black "Nilsson Erik (DEN)"]
[Result "1-0"]
[WhiteElo "2076"]
[BlackElo "2117"]

1.d4 Nf6 2.c4 e6 3.Nc3 Bb4 4.e3 c5 5.Ne2 cxd4 6.exd4 d5 7.c5 Nc6 8.a3 Ba5 9.b4
Bc7 10.g3 O-O 11.Bg2 b6 12.O-O bxc5 13.dxc5 Qe7 14.Bf4 Bb7 15.Bxc7 Qxc7 16.Nb5
Qb8 17.Nd6 Ba6 18.Rb1 Bxe2 19.Qxe2 Ne8 20.Nxe8 Rxe8 21.b5 Ne7 22.a4 Qc7 {#r}
1-0

[Event "It (open)"]
[Site "masterchessopen.com Ticino (Switzerland)"]
[Round "3"]
[White "Gyimesi Zoltan (HUN)"]
[Black "Daverio Edoardo (SUI)"]
[Result "1-0"]
[WhiteElo "2430"]
[BlackElo "2038"]

1.d4 Nf6 2.c4 e6 3.Nc3 Bb4 4.e3 c5 5.Ne2 d6 6.a3 Bxc3+ 7.Nxc3 Nc6 8.g3 e5 9.d5
Ne7 10.Bg2 Bg4 11.f3 Bf5 12.e4 Bg6 13.Be3 Nd7 14.g4 f6 15.Qc2 a6 16.b4 Rc8
17.b5 a5 18.O-O-O b6 19.h4 h6 20.Rdg1 Kf7 21.Bh3 Qc7 22.g5 hxg5 23.Be6+ Ke8
24.hxg5 Rxh1 25.Rxh1 Bf7 26.Rh8+ Ng8 27.g6 Bxe6 28.dxe6 Nf8 29.Nd5 {#r} 1-0

[Event "It (open)"]
[Site "masterchessopen.com Vantaa (Finland)"]
[Round "6"]
[White "Niemela Antti (FIN)"]
[Black "Hokkanen Petri (FIN)"]
[Result "1-0"]
[WhiteElo "2279"]
[BlackElo "2300"]

1.d4 Nf6 2.c4 e6 3.Nc3 Bb4 4.e3 c5 5.Ne2 cxd4 6.exd4 d5 7.c5 Ne4 8.Bd2 Nxd2
9.Qxd2 O-O 10.a3 Ba5 11.b4 Bc7 12.Nb5 b6 13.Nxc7 Qxc7 14.Nc3 bxc5 15.Nb5 Qd7
16.dxc5 Ba6 17.Nd6 Bxf1 18.Kxf1 Na6 19.h4 Rab8 20.h5 f6 21.Rh3 Nc7 22.h6 g6
23.Rc1 e5 24.Qd3 d4 25.Qc4+ Kh8 26.a4 Ne6 27.b5 Nf4 28.Rg3 d3 29.Rd1 Qc7 30.a5
{#r} 1-0

[Event "Memorial J.Donner (open)"]
[Site "masterchessopen.com Amsterdam (Netherlands)"]
[Round "2"]
[White "Giddins Stephen (ENG)"]
[Black "Van Der Wiel John T H (NED)"]
[Result "0-1"]
[WhiteElo "2345"]
[BlackElo "2545"]

1.d4 Nf6 2.c4 e6 3.Nc3 Bb4 4.e3 c5 5.Ne2 cxd4 6.exd4 d5 7.c5 Ne4 8.Bd2 Nxd2
9.Qxd2 Qf6 10.a3 Ba5 11.b4 Bd8 12.Qe3 O-O 13.g3 b6 14.Bg2 bxc5 15.dxc5 Ba6
16.O-O Bc4 17.Rfd1 Nc6 18.f4 Rb8 19.Rab1 g5 20.b5 gxf4 21.Nxf4 Qe5 22.Qd2 Ba5
23.bxc6 Rxb1 24.Rxb1 Bxc3 25.Qc2 Rc8 26.Kh1 Bd4 27.Qa4 Bxc5 {#R} 0-1

[Event "It (open)"]
[Site "masterchessopen.com Barbera (Spain)"]
[Round "3"]
[White "Gomez Esteban Juan Mario (ESP)"]
[Black "Hernando Pertierra Jose C (ESP)"]
[Result "1-0"]
[WhiteElo "2425"]
[BlackElo "2405"]

1.d4 Nf6 2.c4 e6 3.Nc3 Bb4 4.e3 c5 5.Ne2 cxd4 6.exd4 d5 7.c5 O-O 8.a3 Ba5 9.g3
Bc7 10.Bg2 a5 11.O-O Bd7 12.b3 b6 13.Rb1 bxc5 14.dxc5 Na6 15.b4 axb4 16.axb4
Rb8 17.c6 Bxc6 18.b5 d4 19.Bxc6 dxc3 20.Ba3 Rb6 21.Bxf8 Qxf8 22.Nxc3 Nb4
23.Qa4 Bd6 24.Rfd1 Bc5 25.Bf3 e5 26.Ne4 Nxe4 27.Bxe4 f5 28.Rxb4 Bxb4 29.Qb3+
{#r} 1-0

[Event "It (a)"]
[Site "masterchessopen.com Budapest (Hungary)"]
[Round "1"]
[White "Labin Sascha (GER)"]
[Black "Mikhailov Vladimir (RUS)"]
[Result "0-1"]
[WhiteElo "2021"]
[BlackElo "1972"]

1.d4 Nf6 2.c4 e6 3.Nc3 Bb4 4.e3 c5 5.Ne2 d5 6.cxd5 Nxd5 7.a3 Bxc3+ 8.bxc3 cxd4
9.cxd4 O-O 10.e4 Nf6 11.Ng3 Nc6 12.e5 Nd5 13.Bd3 f5 14.exf6 Qxf6 15.O-O Qxd4
16.Qc2 Qh4 17.Bb2 Bd7 18.Rae1 Rac8 19.Qb1 Na5 20.Re5 Be8 21.Rxe6 Nf4 22.Re5
Nc6 23.Bc1 Nxe5 24.Nf5 Qg5 25.Bxf4 Qxf4 26.Ne7+ Kh8 27.Nxc8 Bc6 28.Ne7 Nf3+
29.gxf3 Qg5+ {#R} 0-1

[Event "Oberliga Northwest 1995/96"]
[Site "masterchessopen.com Germany"]
[Round "0"]
[White "Doescher Arne (GER)"]
[Black "Mensching Wilfried (GER)"]
[Result "1-0"]
[WhiteElo "2250"]
[BlackElo "1885"]

1.d4 Nf6 2.c4 e6 3.Nc3 Bb4 4.e3 c5 5.Ne2 cxd4 6.exd4 d5 7.a3 Be7 8.c5 b6 9.b4
O-O 10.g3 a5 11.Rb1 axb4 12.axb4 Ne4 13.Bg2 f5 14.O-O Bf6 15.Nxe4 fxe4 16.b5
bxc5 17.dxc5 Nd7 18.Be3 Ra2 19.Nf4 Re8 20.Nxe6 Qe7 21.Nc7 d4 22.Nxe8 Qxe8
23.Bxd4 {#r} 1-0

[Event "Ch City"]
[Site "masterchessopen.com Madrid (Spain)"]
[Round "2"]
[White "Aranda Marin Cristian (ESP)"]
[Black "Roa Alonso Santiago (ESP)"]
[Result "1-0"]
[WhiteElo "2330"]
[BlackElo "2360"]

1.d4 Nf6 2.c4 e6 3.Nc3 Bb4 4.e3 c5 5.Ne2 cxd4 6.exd4 d5 7.a3 Be7 8.Nf4 O-O
9.cxd5 Nxd5 10.Ncxd5 exd5 11.Qf3 Re8 12.Be2 Nc6 13.Be3 Bf6 14.Rd1 Re4 15.O-O
Be6 16.Bd3 Nxd4 17.Bxd4 Rxd4 18.Bxh7+ Kxh7 19.Rxd4 Bxd4 20.Qd3+ Kg8 21.Qxd4
Qg5 22.Re1 b6 23.h4 Qf5 24.Re5 Qb1+ 25.Kh2 Rc8 26.Rg5 g6 27.Nxe6 fxe6 28.Qf6
{#r} 1-0

[Event "Ch Russia (1 liga) (w)"]
[Site "masterchessopen.com Podolsk (Russia)"]
[Round "5"]
[White "Ershova Svetlana (RUS)"]
[Black "Zvereva Marija (RUS)"]
[Result "0-1"]
[WhiteElo "2155"]
[BlackElo "2225"]

1.d4 Nf6 2.c4 e6 3.Nc3 Bb4 4.e3 c5 5.Ne2 d5 6.a3 Bxc3+ 7.Nxc3 cxd4 8.exd4 dxc4
9.Bxc4 Nc6 10.Be3 O-O 11.O-O b6 12.Rc1 Bb7 13.h3 h6 14.Qd2 Ne7 15.Bf4 Rc8
16.Qd3 Nf5 17.Be5 Nd5 18.Rfd1 Nxc3 19.Rxc3 Qg5 20.Qf1 b5 21.Be2 Rxc3 22.bxc3
Nh4 23.f4 Qg6 24.Bd3 f5 25.Kh2 Bxg2 {#R} 0-1

[Event "It (open)"]
[Site "masterchessopen.com Radviliskis (Lithuania)"]
[Round "6"]
[White "Karkalas Arvydas (LTU)"]
[Black "Godlauskas Kazys (LTU)"]
[Result "1-0"]
[WhiteElo "2192"]
[BlackElo "2259"]

1.c4 Nf6 2.Nc3 e6 3.d4 Bb4 4.e3 c5 5.Ne2 b6 6.a3 Ba5 7.Rb1 Qe7 8.d5 exd5
9.cxd5 Bxc3+ 10.Nxc3 d6 11.Bd3 O-O 12.O-O Nbd7 13.f4 Re8 14.Qf3 a6 15.Bd2 b5
16.Rbe1 c4 17.Bc2 Nc5 18.e4 Qc7 19.h3 Nfd7 20.Ne2 Nd3 21.Bxd3 cxd3 22.Ng3 Qc2
23.Bc3 Nc5 24.Rf2 Qb3 25.Nh5 f5 26.Qg3 Re7 27.Bxg7 d2 28.Bc3+ Kf8 29.Rxd2 Raa7
30.e5 Bb7 31.Qg5 {#r} 1-0

[Event "It (cat.4)"]
[Site "masterchessopen.com Stockholm (Sweden)"]
[Round "11"]
[White "Hedman Erik (SWE)"]
[Black "Charnushevich Alexei (FRA)"]
[Result "0-1"]
[WhiteElo "2320"]
[BlackElo "2325"]

1.d4 Nf6 2.c4 e6 3.Nc3 Bb4 4.e3 c5 5.Ne2 cxd4 6.exd4 d5 7.a3 Be7 8.c5 O-O 9.b4
b6 10.Bf4 Nc6 11.cxb6 axb6 12.Nb5 Ne4 13.f3 Nd6 14.Nec3 Na7 15.Nxd6 Bxd6
16.Bxd6 Qxd6 17.Be2 Bd7 18.O-O Qf4 19.Qd3 Nc6 20.Rfd1 Rfc8 21.Nb5 Nxb4 22.axb4
Rxa1 23.Rxa1 Bxb5 24.Qc3 Bd7 25.Qb2 Qe3+ 26.Kf1 g6 27.Re1 Rc3 28.Rd1 Ba4
29.Rd2 Rb3 {#R} 0-1

[Event "Ch Switzerland (team)"]
[Site "masterchessopen.com Switzerland"]
[Round "9"]
[White "Georges Sacha (SUI)"]
[Black "Vulevic Vjekoslav (SUI)"]
[Result "0-1"]
[WhiteElo "2340"]
[BlackElo "2320"]

1.d4 Nf6 2.c4 e6 3.Nc3 Bb4 4.e3 c5 5.Ne2 d6 6.a3 Ba5 7.Rb1 Nc6 8.b4 Bb6 9.Na4
Nd7 10.Nxb6 axb6 11.Nf4 O-O 12.d5 exd5 13.Nxd5 Nf6 14.Nxf6+ Qxf6 15.Bb2 Qg6
16.Be2 Bf5 17.Ra1 Qxg2 18.Bf3 Qg6 19.h4 Ne5 20.h5 Qg5 21.Bxe5 dxe5 22.Bxb7 Ra7
23.Bd5 Rd8 24.Qc1 Bd3 25.Qc3 e4 26.Kd2 Bxc4 27.Qxc4 Rxd5+ 28.Kc2 Qf5 29.Rad1
Rad7 30.Rxd5 Rxd5 {#R} 0-1

[Event "It (open)"]
[Site "masterchessopen.com Szekszard (Hungary)"]
[Round "0"]
[White "Nikolaidis Ioannis (GRE)"]
[Black "Taborov Boris (UKR)"]
[Result "1-0"]
[WhiteElo "2540"]
[BlackElo "2385"]

1.d4 Nf6 2.c4 e6 3.Nc3 Bb4 4.e3 c5 5.Ne2 cxd4 6.exd4 O-O 7.a3 Be7 8.d5 exd5
9.cxd5 Re8 10.d6 Bf8 11.g3 Re6 12.Bg2 Nc6 13.O-O a6 14.Bf4 Nh5 15.Ne4 Qe8
16.Qd5 Nxf4 17.Nxf4 Re5 18.Qd3 Rb8 19.Nd5 Qd8 20.f4 Re6 21.f5 Rxd6 22.Nxd6
Bxd6 23.f6 Be5 24.fxg7 d6 25.Rxf7 Bxg7 26.Re1 Qg5 27.h4 Qh6 28.Rc7 Be5 29.Ne7+
Nxe7 30.Rxe7 Qg6 31.Qd5+ {#r} 1-0

[Event "It (open) \"]
[Site "masterchessopen.com Trelew (Argentina)"]
[Round "1"]
[White "Iglesias Alejandro (ARG)"]
[Black "Panno Oscar (ARG)"]
[Result "0-1"]
[WhiteElo "2244"]
[BlackElo "2510"]

1.d4 Nf6 2.c4 e6 3.Nc3 Bb4 4.e3 c5 5.Ne2 b6 6.a3 Ba5 7.Rb1 Na6 8.Bd2 O-O 9.Ng3
Bb7 10.Bd3 Bxc3 11.bxc3 Ne8 12.O-O f5 13.a4 Nd6 14.f4 Rf6 15.Be1 Rc8 16.Qe2
Nc7 17.dxc5 bxc5 18.e4 fxe4 19.Nxe4 Bxe4 20.Bxe4 Nxe4 21.Qxe4 d5 22.Qe3 Qd6
23.Bg3 dxc4 24.Rfd1 Nd5 25.Qf3 Qa6 26.Rxd5 exd5 27.Qxd5+ Qe6 28.Qxe6+ Rxe6
{#R} 0-1

[Event "Ch City"]
[Site "masterchessopen.com Zagreb (Croatia)"]
[Round "0"]
[White "Zaja Ivan (CRO)"]
[Black "Keglevic Pavao (CRO)"]
[Result "1-0"]
[WhiteElo "2400"]
[BlackElo "2290"]

1.d4 Nf6 2.c4 e6 3.Nc3 Bb4 4.e3 c5 5.Ne2 Ne4 6.Bd2 Nxd2 7.Qxd2 cxd4 8.exd4 d5
9.c5 Nc6 10.a3 Ba5 11.f4 Bc7 12.b4 a6 13.g3 Bd7 14.Bg2 Ne7 15.O-O h5 16.h4 Nf5
17.Qd3 b5 18.Bh3 g6 19.Rae1 Qf6 20.Nb1 O-O 21.Nd2 a5 22.Ra1 Ne7 23.Nf3 Rfb8
24.Ne5 Be8 25.Nc3 Nc6 26.Nxc6 Bxc6 27.Rfb1 Rb7 28.bxa5 Rxa5 29.Na2 Ra4 30.Nb4
Be8 31.Rb3 Rba7 32.Rf1 Ba5 33.f5 gxf5 34.Bxf5 exf5 {#r} 1-0

[Event "It (open)"]
[Site "masterchessopen.com La Salle (Spain)"]
[Round "4"]
[White "Baigorri Francisco J (ESP)"]
[Black "Baron Rodriguez Jesus (ESP)"]
[Result "0-1"]
[WhiteElo "2178"]
[BlackElo "2210"]

1.d4 Nf6 2.c4 e6 3.Nc3 Bb4 4.e3 c5 5.Ne2 cxd4 6.exd4 d5 7.c5 O-O 8.a3 Bxc3+
9.Nxc3 b6 10.b4 bxc5 11.dxc5 a5 12.Rb1 d4 13.Nb5 e5 14.f3 axb4 15.axb4 Nd5
16.Bd2 e4 17.Bc4 e3 18.Bc1 Nc6 19.Bxd5 Qxd5 20.Nc7 Qf5 21.Rb3 Ra2 {#R} 0-1

[Event "It (open)"]
[Site "masterchessopen.com Aegina (Greece)"]
[Round "2"]
[White "Fournarakos Gerasimos (GRE)"]
[Black "Kalesis Nikolaos (GRE)"]
[Result "0-1"]
[WhiteElo "2015"]
[BlackElo "2390"]

1.d4 Nf6 2.c4 e6 3.Nc3 Bb4 4.e3 c5 5.Ne2 d5 6.a3 Bxc3+ 7.bxc3 O-O 8.cxd5 exd5
9.Ng3 b6 10.Bd3 Ba6 11.O-O Bxd3 12.Qxd3 Nc6 13.Rb1 Re8 14.dxc5 bxc5 15.Rd1 Rb8
16.Rxb8 Qxb8 17.Qc2 c4 18.f3 Ne5 19.e4 Nd3 20.Be3 dxe4 21.Bd4 exf3 22.gxf3 Nd5
23.Qa4 Nb2 24.Qd7 Nxd1 25.Qxd5 Ne3 26.Qg5 Qb1+ 27.Kf2 Qc2+ 28.Ne2 Nf5 29.Be3
Nxe3 {#R} 0-1

[Event "Ch France"]
[Site "masterchessopen.com Auxerre (France)"]
[Round "1"]
[White "Vaisser Anatoly (FRA)"]
[Black "Adrian Claude (FRA)"]
[Result "1-0"]
[WhiteElo "2565"]
[BlackElo "2330"]

1.d4 Nf6 2.c4 e6 3.Nc3 Bb4 4.e3 c5 5.Ne2 cxd4 6.exd4 O-O 7.a3 Be7 8.d5 exd5
9.cxd5 Re8 10.d6 Bf8 11.g3 b6 12.Bg2 Nc6 13.b4 Rb8 14.O-O h6 15.Nb5 Ba6
16.Nec3 Re5 17.a4 Re6 18.Nd5 Bxd6 19.Bb2 Be5 20.Bxe5 Rxe5 21.Nxf6+ Qxf6
22.Qxd7 Nxb4 23.Rae1 Rxe1 24.Rxe1 Rd8 25.Re8+ Rxe8 26.Qxe8+ Kh7 27.Qe4+ g6
28.Qxb4 Qa1+ 29.Bf1 Bc8 30.Qc3 {#r} 1-0

[Event "It (open)"]
[Site "masterchessopen.com Benasque (Spain)"]
[Round "8"]
[White "Gallego Jimenez Victoriano (ESP)"]
[Black "Lalic Bogdan (ENG)"]
[Result "0-1"]
[WhiteElo "2395"]
[BlackElo "2565"]

1.d4 Nf6 2.c4 e6 3.Nc3 Bb4 4.e3 c5 5.Ne2 cxd4 6.exd4 O-O 7.a3 Be7 8.d5 exd5
9.cxd5 Bc5 10.Na4 b6 11.Nxc5 bxc5 12.Nc3 Re8+ 13.Be2 Ba6 14.O-O Bxe2 15.Nxe2
Qb6 16.Nc3 d6 17.Rb1 Nbd7 18.Be3 Qa6 19.b4 Qc4 20.Qd2 Rac8 21.bxc5 Nxc5 22.Nb5
Nce4 23.Qa5 Nxd5 24.Qxa7 Ra8 25.Qd4 Qxd4 26.Nxd4 Nxe3 {#R} 0-1

[Event "Ch Berlin"]
[Site "masterchessopen.com Berlin (Germany)"]
[Round "4"]
[White "Hetey Laszlo (GER)"]
[Black "Mattick Lutz (GER)"]
[Result "1-0"]
[WhiteElo "2410"]
[BlackElo "2275"]

1.d4 Nf6 2.c4 e6 3.Nc3 Bb4 4.e3 c5 5.Ne2 cxd4 6.exd4 O-O 7.a3 Be7 8.g3 d5
9.cxd5 exd5 10.Bg2 Bg4 11.h3 Bxe2 12.Qxe2 Nc6 13.Be3 Ne4 14.Qb5 Bg5 15.Nxe4
Bxe3 16.fxe3 dxe4 17.O-O Qd6 18.Rf4 f5 19.Rxf5 Qxg3 20.Qb3+ Kh8 21.Rxf8+ Rxf8
22.Rf1 Rf6 23.Qe6 Qxe3+ 24.Kh2 {#r} 1-0

[Event "It (open) \"]
[Site "masterchessopen.com Berlin (Germany)"]
[Round "0"]
[White "Tyrtania Maximilian (GER)"]
[Black "Enders Peter (GER)"]
[Result "0-1"]
[WhiteElo "2249"]
[BlackElo "2500"]

1.d4 Nf6 2.c4 e6 3.Nc3 Bb4 4.e3 c5 5.Ne2 cxd4 6.exd4 d5 7.c5 Ne4 8.Bd2 Nxd2
9.Qxd2 a5 10.a3 Bxc3 11.Nxc3 a4 12.Bd3 Bd7 13.O-O b6 14.f4 f5 15.Rac1 bxc5
16.dxc5 O-O 17.Na2 Qa5 18.Nb4 Nc6 19.Qe3 Nxb4 20.axb4 Qxb4 21.c6 Bc8 22.Qe5 a3
23.bxa3 Rxa3 24.Bb1 Qb6+ 25.Kh1 Re3 26.Qd6 Kf7 27.Rfd1 Rd8 28.Qc5 Qxc5 29.Rxc5
Ke7 30.Ra5 Rc3 31.Ra7+ Kf6 32.Rc7 Ba6 {#R} 0-1

[Event "It (open)"]
[Site "masterchessopen.com Calcutta (India)"]
[Round "1"]
[White "Sherbakov Ruslan (RUS)"]
[Black "Sahu Sekhar Chandra (IND)"]
[Result "1-0"]
[WhiteElo "2555"]
[BlackElo "2340"]

1.d4 Nf6 2.c4 e6 3.Nc3 Bb4 4.e3 c5 5.Ne2 cxd4 6.exd4 d5 7.c5 Ne4 8.Bd2 Bxc3
9.Nxc3 Nc6 10.Nxe4 dxe4 11.Be3 Qa5+ 12.Qd2 Qxd2+ 13.Kxd2 O-O 14.Bc4 Bd7 15.b4
Rad8 16.b5 Ne7 17.Bf4 Bc8 18.Bd6 Rfe8 19.g4 Ng6 20.Rhe1 e5 21.Rxe4 exd4
22.Rae1 Rxe4 23.Rxe4 Nf8 24.Re7 Ng6 25.Rxf7 Kh8 26.f4 Rd7 27.f5 Rxf7 28.Bxf7
Nh4 29.Bd5 {#r} 1-0

[Event "Czech League 1995/96 (1st)"]
[Site "masterchessopen.com Czech Republic"]
[Round "7"]
[White "Civin Tomas (CZE)"]
[Black "Plesek Jiri (CZE)"]
[Result "0-1"]
[WhiteElo "2275"]
[BlackElo "2168"]

1.d4 Nf6 2.c4 e6 3.Nc3 Bb4 4.e3 c5 5.Ne2 cxd4 6.exd4 d5 7.a3 Be7 8.c5 b6 9.b4
a5 10.Bf4 Bd7 11.Na4 axb4 12.axb4 bxc5 13.Nxc5 Rxa1 14.Qxa1 O-O 15.Nc1 Nc6
16.b5 Nxd4 17.Qxd4 e5 18.Bxe5 Qa5+ 19.Kd1 Bxc5 20.Qxc5 Rc8 21.Qd4 Ne4 22.Nb3
Qa3 23.Qb2 Qb4 24.Bd3 Nxf2+ 25.Ke2 Nxd3 26.Kxd3 Bxb5+ 27.Ke3 Qe4+ {#R} 0-1

[Event "Ch British Chess Federation (team) 1996/97"]
[Site "masterchessopen.com England"]
[Round "0"]
[White "Merriman John (ENG)"]
[Black "Pein Malcolm (ENG)"]
[Result "0-1"]
[WhiteElo "2275"]
[BlackElo "2425"]

1.d4 Nf6 2.c4 e6 3.Nc3 Bb4 4.e3 c5 5.Ne2 d5 6.cxd5 Nxd5 7.a3 cxd4 8.exd4 Ba5
9.g3 Nc6 10.Bd2 Nxc3 11.Bxc3 Qd5 12.Rg1 Bxc3+ 13.bxc3 O-O 14.Bg2 Qd6 15.f4 Bd7
16.Qb1 b6 17.Be4 h6 18.g4 f6 19.Qa2 Rac8 20.Rb1 Kh8 21.Rg3 f5 22.Bd3 fxg4
23.Rxg4 Be8 24.Ng3 Ne7 25.Ne4 Qd5 26.Qf2 Bh5 27.Rb5 Bxg4 28.Rxd5 Nxd5 29.Nd6
Rxf4 30.Qg3 Rxc3 31.Nf7+ Kg8 {#R} 0-1

[Event "Bayern Landesliga South"]
[Site "masterchessopen.com Germany"]
[Round "7"]
[White "Ruether Rudolf (GER)"]
[Black "Penn Peter"]
[Result "1-0"]
[WhiteElo "2184"]
[BlackElo "1900"]

1.d4 Nf6 2.c4 e6 3.Nc3 Bb4 4.e3 c5 5.Ne2 cxd4 6.exd4 d5 7.c5 O-O 8.a3 Bxc3+
9.Nxc3 a6 10.Be2 Qc7 11.O-O e5 12.Bg5 Nbd7 13.b4 b6 14.Rc1 exd4 15.Qxd4 bxc5
16.bxc5 Bb7 17.Bf3 Ne4 18.Nxd5 Bxd5 19.Qxd5 Nxg5 20.Qxg5 Rac8 21.Bg4 h6 22.Qd2
Rfd8 23.Qe2 Ra8 24.Qe7 Qe5 25.Rfe1 Qxe7 26.Rxe7 Nf6 27.Bf3 Kf8 28.Rb7 g5 29.h3
Nd7 30.Rxd7 {#r} 1-0

[Event "Ch Hungary (team) 1996/97"]
[Site "masterchessopen.com Hungary"]
[Round "2"]
[White "Mann Gerald (HUN)"]
[Black "Cao Sang (HUN)"]
[Result "0-1"]
[WhiteElo "2295"]
[BlackElo "2529"]

1.d4 Nf6 2.c4 e6 3.Nc3 Bb4 4.e3 c5 5.Ne2 b6 6.a3 Ba5 7.Rb1 Na6 8.f3 O-O 9.e4
d5 10.e5 Ne8 11.Be3 Nec7 12.Kf2 dxc4 13.Ne4 Nd5 14.dxc5 Nxe3 15.Kxe3 Nxc5
16.Qxd8 Rxd8 17.Nd6 b5 18.Nd4 Bb6 19.N4xb5 Nd3+ 20.Kd2 Nxe5 21.f4 Ng4 22.Kc3
Nf2 23.Rg1 a6 {#R} 0-1

[Event "Ch Russia (juniors) (under 16)"]
[Site "masterchessopen.com Kaluga (Russia)"]
[Round "6"]
[White "Yurenko Konstantin (RUS)"]
[Black "Shaposhnikov Evgeny (RUS)"]
[Result "1-0"]
[WhiteElo "2313"]
[BlackElo "2345"]

1.d4 Nf6 2.c4 e6 3.Nc3 Bb4 4.e3 c5 5.Ne2 cxd4 6.exd4 d5 7.a3 Be7 8.c5 b6 9.b4
O-O 10.Bf4 a5 11.Rb1 axb4 12.axb4 bxc5 13.dxc5 Nc6 14.Nd4 Nxd4 15.Qxd4 Ng4
16.Be2 e5 17.Qxd5 exf4 18.Qxa8 Qd4 19.O-O Qxc3 20.Bxg4 Bxg4 21.Qe4 Qf6 22.Rbc1
Rb8 23.Rfe1 Be6 24.b5 Rxb5 25.Qa8+ Bf8 {#r} 1-0

[Event "It (open)"]
[Site "masterchessopen.com La Coruna (Spain)"]
[Round "4"]
[White "Paramos Dominguez Roberto (ESP)"]
[Black "Baron Rodriguez Jesus (ESP)"]
[Result "1-0"]
[WhiteElo "2410"]
[BlackElo "2270"]

1.d4 Nf6 2.c4 e6 3.Nc3 Bb4 4.e3 c5 5.Ne2 b6 6.a3 Ba5 7.Rb1 Na6 8.g3 Bb7 9.d5
Ne4 10.Qd3 Bxc3+ 11.Nxc3 Nxc3 12.Qxc3 O-O 13.Bg2 Nc7 14.O-O exd5 15.Rd1 d4
16.exd4 Bxg2 17.Kxg2 Qe7 18.Kg1 d6 19.d5 Qe4 20.Bf4 Rad8 21.Re1 Qg6 22.b4 cxb4
23.axb4 Rfe8 24.Ra1 Rxe1+ 25.Rxe1 Re8 26.c5 Qf6 27.Qd2 Rxe1+ 28.Qxe1 Qd8
29.Qe4 Qe8 30.f3 bxc5 31.bxc5 Qxe4 32.fxe4 {#r} 1-0

[Event "It (open)"]
[Site "masterchessopen.com Linares (Spain)"]
[Round "4"]
[White "Sherbakov Ruslan (RUS)"]
[Black "Ramesh RB (IND)"]
[Result "1-0"]
[WhiteElo "2555"]
[BlackElo "2415"]

1.d4 Nf6 2.c4 e6 3.Nc3 Bb4 4.e3 c5 5.Ne2 cxd4 6.exd4 d5 7.c5 Ne4 8.Bd2 Nxd2
9.Qxd2 a5 10.a3 Bxc3 11.Nxc3 a4 12.Bd3 Bd7 13.O-O Nc6 14.Bc2 Ne7 15.Rae1 b6
16.Qg5 O-O 17.cxb6 Ng6 18.Qxd8 Rfxd8 19.b7 Ra7 20.Bxa4 Bxa4 21.Nxa4 Rxa4
22.Rc1 Rc4 23.b3 Rxc1 24.Rxc1 Ne7 25.a4 Rb8 26.Rc7 {#r} 1-0

[Event "It (open)"]
[Site "masterchessopen.com Ljubljana (Slovenia)"]
[Round "7"]
[White "Ibragimov Ildar (USA)"]
[Black "Illijin Neboisa (ROM)"]
[Result "1-0"]
[WhiteElo "2545"]
[BlackElo "2305"]

1.d4 Nf6 2.c4 e6 3.Nc3 Bb4 4.e3 c5 5.Ne2 cxd4 6.exd4 O-O 7.a3 Be7 8.Nf4 d6
9.Be2 Re8 10.O-O Bf8 11.Be3 a6 12.b4 g6 13.Qb3 Nc6 14.d5 exd5 15.Ncxd5 Nxd5
16.Nxd5 Bg7 17.Rad1 Re4 18.Nb6 Rb8 19.Nxc8 Rxc8 20.Bf3 Rh4 21.c5 Nd4 22.Bxd4
Rxd4 23.Bxb7 Rb8 24.c6 Qb6 25.Rxd4 Bxd4 26.Qc4 Re8 27.g3 a5 28.bxa5 Qa7 29.a6
Bb6 30.c7 {#r} 1-0

[Event "It (open)"]
[Site "masterchessopen.com Meisdorf (Germany)"]
[Round "0"]
[White "Koerholz Ludger (GER)"]
[Black "Buenermann Volker (GER)"]
[Result "0-1"]
[WhiteElo "2285"]
[BlackElo "2350"]

1.d4 e6 2.c4 Bb4+ 3.Nc3 c5 4.e3 Nf6 5.Ne2 b6 6.a3 Ba5 7.Rb1 Na6 8.Bd2 Qe7
9.Nb5 Bxd2+ 10.Qxd2 d5 11.cxd5 exd5 12.Nec3 c4 13.Be2 O-O 14.O-O Bf5 15.Rbd1
Rad8 16.Bf3 Qd7 17.Ra1 Nb8 18.a4 Nc6 19.Nxd5 Nxd5 20.e4 Na5 21.Rad1 a6 22.Na3
c3 23.bxc3 Qe7 24.Qb2 Bxe4 25.Rfe1 f5 26.c4 Nf4 27.c5 bxc5 28.Qc3 cxd4 {#R}
0-1

[Event "Ch Spain (team) (a)"]
[Site "masterchessopen.com Oropesa (Spain)"]
[Round "1"]
[White "Corral Blanco Juan Antonio (ESP)"]
[Black "Campos Moreno Javier B (CHI)"]
[Result "1-0"]
[WhiteElo "2425"]
[BlackElo "2485"]

1.d4 Nf6 2.c4 e6 3.Nc3 Bb4 4.e3 c5 5.Ne2 b6 6.a3 Ba5 7.Bd2 O-O 8.Ng3 d5 9.cxd5
cxd4 10.exd4 Bxc3 11.bxc3 exd5 12.Be2 Ba6 13.Bxa6 Nxa6 14.O-O Nc7 15.Bg5 Ne6
16.Bxf6 Qxf6 17.f4 Rfe8 18.Qf3 Nc7 19.h3 Rac8 20.Rae1 Rxe1 21.Rxe1 Re8 22.Re5
Rxe5 23.dxe5 Qe7 24.Qg4 Ne8 25.Kh2 Qxa3 26.Qd7 Kf8 27.Nf5 g6 28.Nd6 Nxd6
29.exd6 Kg7 30.Qc7 {#r} 1-0

[Event "It (open) \"]
[Site "masterchessopen.com Pardubice (Czech Republic)"]
[Round "1"]
[White "Sherbakov Ruslan (RUS)"]
[Black "Meier Volker (GER)"]
[Result "1-0"]
[WhiteElo "2555"]
[BlackElo "2290"]

1.d4 Nf6 2.c4 e6 3.Nc3 Bb4 4.e3 c5 5.Ne2 cxd4 6.exd4 d5 7.c5 Ne4 8.Bd2 Nxd2
9.Qxd2 a5 10.a3 Bxc3 11.Nxc3 a4 12.Bd3 b6 13.cxb6 Qxb6 14.Bc2 Bd7 15.O-O O-O
16.Rfe1 Ra7 17.Rad1 f5 18.Re3 Qd6 19.Rde1 Rf6 20.Rg3 Bc6 21.Ne2 Nd7 22.Nf4 Nf8
23.Nd3 h6 24.Rge3 Be8 25.Nc5 Qb6 26.Qb4 Qxb4 27.axb4 Ra8 28.Ra3 Rb8 29.Bxa4
Bb5 30.Bxb5 Rxb5 31.Nd3 Nd7 32.Ra7 Nb8 33.Rc1 e5 {#r} 1-0

[Event "It (open)"]
[Site "masterchessopen.com Reykjavik (Iceland)"]
[Round "7"]
[White "Van Der Werf Mark (NED)"]
[Black "Berg Emanuel (SWE)"]
[Result "1-0"]
[WhiteElo "2400"]
[BlackElo "2215"]

1.d4 e6 2.c4 Nf6 3.Nc3 Bb4 4.e3 c5 5.Ne2 d6 6.a3 Ba5 7.g3 O-O 8.Bg2 Nbd7 9.O-O
Rb8 10.Nb5 Nb6 11.Nxa7 Nxc4 12.b3 Nb6 13.b4 Bd7 14.bxa5 Na4 15.dxc5 dxc5 16.a6
Qb6 17.axb7 Qxa7 18.Nf4 Bb5 19.Re1 Rfd8 20.Qb3 Qa5 21.Rd1 e5 22.Rxd8+ Rxd8
23.Bd2 Qxd2 24.Qxb5 Nc3 25.Qb6 Nd1 26.Nd3 Qxd3 27.b8=Q Rf8 28.Q6d6 {#r} 1-0

[Event "Ch California"]
[Site "masterchessopen.com San Francisco (USA)"]
[Round "1"]
[White "Mar Craig (USA)"]
[Black "Koploy Paul (USA)"]
[Result "1-0"]
[WhiteElo "2420"]
[BlackElo "2320"]

1.d4 Nf6 2.c4 e6 3.Nc3 Bb4 4.e3 c5 5.Ne2 Nc6 6.a3 Bxc3+ 7.Nxc3 d6 8.b4 cxd4
9.exd4 O-O 10.Be2 e5 11.Be3 Bf5 12.O-O Ne4 13.Nxe4 Bxe4 14.b5 exd4 15.Bxd4 Qg5
16.f3 Nxd4 17.Qxd4 Bg6 18.f4 Qe7 19.Bf3 Rfd8 20.Rae1 Qc7 21.Qd5 Qb6+ 22.Kh1
Rac8 23.f5 Rc5 24.fxg6 Rxd5 25.Bxd5 hxg6 26.Bxf7+ Kh7 27.Rf3 Kh6 28.Re6 {#r}
1-0